01175nam a2200241Ia 4500003000900000008004100009020001800050040001600068080002100084111015400105245028800259260005800547300002300605650002400628650004100652650002500693700002900718700003300747700003100780942000700811999001700818952009800835IN-BaIIA211028s9999 xx 000 0 eng d a0-937707-63-5 cIIA Library a082.2:52bASP-44 aInternational Astronomical Union Colloquium, no. 138, on Peculiar Versus normal Phenomena in A-Type and Related Starsn138cTriested1992 July919107 0aPeculiar versus normal phenomena in A-Type and Related Starsbproceedings of International Astronomical Union colloquium, no. 138, on peculiar versus normal phenomena in A-Type and Related Stars, held in Trieste, Italy, July 1992cedited by M. Dworetsky, F. Castelli, R. Faraggiana aCaliforniabAstronomical Society of the Pacificc1993 a[various pagings.] aA-Type Stars919108 aAstronomy and Astrophysics thesaurus aPeculiar Stars96774 aCastelli, E., ed.919109 aDworetsky, M. M., ed.914943 aFaraggiana, R., ed.919110 cBK c11165d11165 00104070aBANbBANcGENd1994-09-27l0o082.2:52/ ASP-44p12079r2021-11-05w1994-09-27yBK